[Event "Amager Aabne Klubmesterskab 2016"]
[Site "Sundbyoster"]
[Date "2016.01.26"]
[Round "2"]
[White "Brorsen, Kristian"]
[Black "Nielsen, Jorgen Kamp"]
[Result "0-1"]
[WhiteElo "1169"]
[BlackElo "1696"]
[PlyCount "44"]
[EventDate "2016.??.??"]

1. d4 Nf6 2. Nc3 c5 3. dxc5 Na6 4. g3 Nxc5 5. Bg2 g6 6. Nf3 Bg7 7. Nd5 Nfe4 8.
c3 e6 9. Ne3 Nxc3 10. Qc2 N3e4 11. Nc4 d5 12. Ne3 Bd7 13. O-O O-O 14. Nd2 Ba4
15. Nb3 Rc8 16. Qd1 Qb6 17. f3 Nd6 18. Kh1 Bxb3 19. axb3 Nxb3 20. Rb1 Nxc1 21.
Rxc1 Qxe3 22. Rxc8 Rxc8 0-1

[Event "Amager Aabne Klubmesterskab 2016"]
[Site "Sundbyoster"]
[Date "2016.01.26"]
[Round "2"]
[White "Nielsen, Bjorn"]
[Black "Jensen, Simon Stibolt"]
[Result "0-1"]
[WhiteElo "1146"]
[BlackElo "1662"]
[PlyCount "90"]
[EventDate "2016.??.??"]

1. Nf3 d5 2. d4 e6 3. e3 c5 4. Bb5+ Bd7 5. Bxd7+ Nxd7 6. O-O Ngf6 7. dxc5 Bxc5
8. b3 O-O 9. Bb2 Rc8 10. Nc3 a6 11. Ne2 Re8 12. Kh1 Qc7 13. Rc1 Bd6 14. Ng3 Ne4
15. Qd4 Ndf6 16. Ba1 e5 17. Qb2 Nxg3+ 18. hxg3 e4 19. Nd4 Re5 20. Kg1 Rh5 21.
Rfd1 Bxg3 22. Kf1 Ng4 23. Ke2 Be5 24. Rh1 Rh2 25. Qb1 Rxg2 26. Rhf1 Nh2 27. Nf5
Nxf1 28. Bxe5 Qxe5 29. Rxf1 Qxf5 30. c4 Qf3+ 31. Ke1 dxc4 32. b4 c3 33. Qc2
Qxe3+ 34. fxe3 Rxc2 35. Rf5 Rxa2 36. Rc5 Rxc5 37. bxc5 Ra5 38. Kd1 Rxc5 39. Kc2
h5 40. Kc1 h4 41. Kc2 h3 42. Kc1 h2 43. Kc2 h1=Q 44. Kb3 Qb1+ 45. Ka4 Rb5 0-1

[Event "Amager Aabne Klubmesterskab 2016"]
[Site "Sundbyoster"]
[Date "2016.01.26"]
[Round "2"]
[White "Krog, Jacob"]
[Black "Lontoft, Sven"]
[Result "0-1"]
[WhiteElo "1560"]
[BlackElo "1659"]
[PlyCount "42"]
[EventDate "2016.??.??"]

1. d4 Nf6 2. c4 g6 3. Nc3 d5 4. Nf3 Bg7 5. h4 Bf5 6. Qb3 dxc4 7. Qxb7 Nbd7 8.
Qc6 O-O 9. e4 Bg4 10. Nh2 Nb6 11. d5 Bd7 12. Qc5 e6 13. Bxc4 exd5 14. exd5 Re8+
15. Be3 Ne4 16. Nxe4 Rxe4 17. Bd3 Rxh4 18. O-O Bf8 19. Qc1 Rh5 20. Bxb6 cxb6
21. Be4 Qh4 0-1

[Event "Amager Aabne Klubmesterskab 2016"]
[Site "Sundbyoster"]
[Date "2016.01.26"]
[Round "2"]
[White "Lendal, Christian"]
[Black "Petersen, Christian Skibsted"]
[Result "0-1"]
[WhiteElo "1000"]
[BlackElo "1652"]
[PlyCount "34"]
[EventDate "2016.??.??"]

1. d4 Nf6 2. c4 d6 3. Nc3 g6 4. e4 Bg7 5. Nf3 a5 6. a4 O-O 7. Be2 Na6 8. Qc2
Nb4 9. Qb3 c5 10. d5 h6 11. O-O Ne8 12. Qd1 f5 13. Nd2 Nf6 14. Nb5 fxe4 15. Nc3
Bf5 16. Re1 e3 17. fxe3 Bc2 0-1

[Event "Amager Aabne Klubmesterskab 2016"]
[Site "Sundbyoster"]
[Date "2016.02.09"]
[Round "3"]
[White "Frank Nielsen, Marie"]
[Black "Petersen, Nils"]
[Result "0-1"]
[WhiteElo "1921"]
[BlackElo "1942"]
[PlyCount "110"]
[EventDate "2016.??.??"]

1. e4 c5 2. Nf3 e6 3. d4 cxd4 4. Nxd4 Nc6 5. Nc3 a6 6. Nxc6 bxc6 7. Bd3 d5 8.
O-O Nf6 9. Qe2 Be7 10. b3 O-O 11. Bb2 c5 12. Rad1 Qc7 13. Rfe1 d4 14. Nb1 e5
15. Nd2 h6 16. Nc4 Be6 17. Bc1 Nh7 18. Rf1 Bg5 19. Bb2 g6 20. a4 Ra7 21. Ra1
Bxc4 22. Bxc4 a5 23. Rad1 Kg7 24. c3 Nf6 25. cxd4 cxd4 26. g3 Qc5 27. h4 Bxh4
28. gxh4 Nh5 29. Qg4 Nf4 30. Bc1 h5 31. Qf3 Ne6 32. Qg3 Re7 33. Bd2 f6 34. Rc1
Qb6 35. Kh2 Kh7 36. Rg1 Rg8 37. Bd5 Qd8 38. Rc6 Qd7 39. Rcc1 Rgg7 40. Bxe6 Qxe6
41. Bxa5 f5 42. Bd8 Rb7 43. exf5 gxf5 44. Bg5 Rxb3 45. Qg2 e4 46. Rb1 Rf3 47.
Rgd1 d3 48. Kh1 Qa2 49. Kg1 Qxa4 50. Ra1 Qd4 51. Ra6 f4 52. Raa1 Rg3 53. Qxg3
fxg3 54. Be3 gxf2+ 55. Kxf2 Rf7+ 0-1

[Event "Amager Aabne Klubmesterskab 2016"]
[Site "Sundbyoster"]
[Date "2016.02.09"]
[Round "3"]
[White "Lunding, Peter M"]
[Black "Nielsen, John Holm"]
[Result "1/2-1/2"]
[WhiteElo "1852"]
[BlackElo "1937"]
[PlyCount "59"]
[EventDate "2016.??.??"]

1. d4 d5 2. Nf3 Nf6 3. Bg5 e6 4. e3 Nbd7 5. Bd3 c5 6. c3 Bd6 7. O-O Qb6 8. Qc1
O-O 9. Nbd2 h6 10. Bh4 Qc7 11. Bg3 b6 12. e4 Bxg3 13. hxg3 dxe4 14. Nxe4 Bb7
15. Nxf6+ Nxf6 16. dxc5 Qxc5 17. Qf4 Rad8 18. Rfd1 Rfe8 19. Bc2 e5 20. Qh4 e4
21. Nd4 Rd5 22. Ne2 Rh5 23. Qf4 Rf5 24. Qe3 Ng4 25. Qxc5 bxc5 26. Ba4 Rb8 27.
Bd7 Rg5 28. Bxg4 Rxg4 29. Rd6 Kh7 30. Rad1 1/2-1/2

[Event "Amager Aabne Klubmesterskab 2016"]
[Site "Sundbyoster"]
[Date "2016.02.09"]
[Round "3"]
[White "Petersen, Steffen"]
[Black "Haugaard, Thomas"]
[Result "1/2-1/2"]
[WhiteElo "1705"]
[BlackElo "1579"]
[PlyCount "61"]
[EventDate "2016.??.??"]

1. c4 Nf6 2. g3 e6 3. Bg2 d5 4. e3 Be7 5. Ne2 O-O 6. cxd5 exd5 7. d4 c6 8. O-O
Bf5 9. Nbc3 Qd7 10. Nf4 Ne4 11. Nxe4 Bxe4 12. f3 Bf5 13. e4 dxe4 14. fxe4 Bg4
15. Bf3 Bxf3 16. Rxf3 Na6 17. Be3 Nc7 18. Qd3 Ne6 19. d5 Nxf4 20. Bxf4 Bc5+ 21.
Kg2 Rad8 22. Rd1 cxd5 23. exd5 Rfe8 24. Qc4 Bd6 25. Rf2 Rc8 26. Qd3 Bxf4 27.
Rxf4 Qd6 28. Qf5 Rc7 29. Rdf1 Rce7 30. Kh3 Qd7 31. Qxd7 1/2-1/2

[Event "Amager Aabne Klubmesterskab 2016"]
[Site "Sundbyoster"]
[Date "2016.02.09"]
[Round "3"]
[White "Brorsen, Jacob Abildlund"]
[Black "Pedersen, Kim Michael"]
[Result "1-0"]
[WhiteElo "2034"]
[BlackElo "1629"]
[PlyCount "101"]
[EventDate "2016.??.??"]

1. Nf3 Nf6 2. d4 d5 3. c4 c6 4. e3 Bf5 5. Nc3 e6 6. Be2 h6 7. O-O Nbd7 8. Nh4
Bh7 9. f4 Ne4 10. Nf3 Be7 11. Bd2 O-O 12. Be1 Ndf6 13. Ne5 Ne8 14. a4 N8d6 15.
c5 Nxc3 16. Bxc3 Ne4 17. Be1 f6 18. Nd3 Qc7 19. b4 a6 20. Qb3 b5 21. cxb6 Qxb6
22. a5 Qb7 23. Rc1 Rfc8 24. Qa4 Qb5 25. Qa2 Qb7 26. g4 Qd7 27. Nb2 Bd8 28. Na4
Qb7 29. Bd3 Qe7 30. Qe2 Qa7 31. Qc2 Qe7 32. Nc5 Kh8 33. Nxe4 dxe4 34. Bxe4 Bxe4
35. Qxe4 Qd6 36. Rf2 Ra7 37. Rfc2 Rac7 38. Rc5 Qd5 39. Qg2 Qxg2+ 40. Kxg2 Kg8
41. Kf3 Kf7 42. f5 Ke8 43. Bg3 Rb7 44. Rxc6 Rxc6 45. Rxc6 exf5 46. gxf5 Rxb4
47. Re6+ Kf7 48. Rxa6 Rb5 49. Ra7+ Ke8 50. Ke4 Bxa5 51. Rxg7 1-0

[Event "Amager Aabne Klubmesterskab 2016"]
[Site "Sundbyoster"]
[Date "2016.02.09"]
[Round "3"]
[White "Raad, Mads Bonde"]
[Black "Pedersen, Ole"]
[Result "1-0"]
[WhiteElo "1694"]
[BlackElo "1507"]
[PlyCount "63"]
[EventDate "2016.??.??"]

1. e4 g6 2. d4 Bg7 3. Be3 d6 4. Nc3 a6 5. Be2 e6 6. f4 b6 7. Nf3 Ne7 8. O-O Bb7
9. Qd2 h6 10. e5 d5 11. Na4 Nd7 12. Bd3 b5 13. Nc3 Nb6 14. b3 Nf5 15. Ne2 Qe7
16. Ng3 Rc8 17. Bf2 Nd7 18. Nxf5 gxf5 19. Bh4 f6 20. Rae1 Kf8 21. Bxf5 exf5 22.
exf6 Qf7 23. Re7 Bxf6 24. Rxf7+ Kxf7 25. Bxf6 Kxf6 26. Ne5 Nf8 27. Qf2 Ng6 28.
Re1 Rce8 29. Qg3 Rhg8 30. Nd7+ Kf7 31. Rxe8 Rxe8 32. Ne5+ 1-0

[Event "Amager Aabne Klubmesterskab 2016"]
[Site "Sundbyoster"]
[Date "2016.02.09"]
[Round "3"]
[White "Nielsen, Angelo"]
[Black "Svensson, John Michael"]
[Result "1-0"]
[WhiteElo "1641"]
[BlackElo "1383"]
[PlyCount "51"]
[EventDate "2016.??.??"]

1. d4 Nf6 2. Nf3 b6 3. Bf4 Bb7 4. Nbd2 e6 5. e3 c5 6. h3 cxd4 7. exd4 Be7 8.
Bd3 Ba6 9. Nc4 O-O 10. c3 d5 11. Nce5 Bxd3 12. Nxd3 Nc6 13. O-O Ne4 14. Nfe5
Nxe5 15. Nxe5 Bd6 16. f3 Nf6 17. Qe2 Nh5 18. Bh2 f6 19. f4 g6 20. Ng4 Qd7 21.
Rae1 Rae8 22. Qf3 Qc7 23. Ne3 e5 24. Qxd5+ Kh8 25. fxe5 fxe5 26. Nc4 1-0

[Event "Amager Aabne Klubmesterskab 2016"]
[Site "Sundbyoster"]
[Date "2016.02.09"]
[Round "3"]
[White "Tronning, Mark Philip"]
[Black "Dupont, Michael Kim"]
[Result "1-0"]
[WhiteElo "1418"]
[BlackElo "1297"]
[PlyCount "83"]
[EventDate "2016.??.??"]

1. b3 e5 2. Bb2 Nc6 3. e3 d5 4. Bb5 Qg5 5. Bxc6+ bxc6 6. Qf3 Bd6 7. Qg3 Qxg3 8.
hxg3 Bf5 9. d3 Bb4+ 10. Nd2 f6 11. O-O-O e4 12. dxe4 Bxd2+ 13. Rxd2 Bxe4 14. f3
Bg6 15. Ne2 Ne7 16. g4 O-O-O 17. Ba3 Kd7 18. e4 Bf7 19. c4 Rde8 20. Nf4 g5 21.
Nh5 Ke6 22. Ng7+ Ke5 23. Nxe8 Rxe8 24. Rxh7 Ke6 25. exd5+ cxd5 26. cxd5+ Nxd5
27. Rxd5 Kxd5 28. Rxf7 Re1+ 29. Kd2 Ra1 30. Bb2 Rxa2 31. Kc3 Ke6 32. Rxc7 Kd6
33. Rb7 Ke5 34. Kc2+ Kf4 35. Kb1 Ra6 36. Rf7 Kg3 37. Rxf6 Rxf6 38. Bxf6 Kxg2
39. Bxg5 Kxf3 40. Be3 Kxe3 41. g5 Kf4 42. g6 1-0

[Event "Amager Aabne Klubmesterskab 2016"]
[Site "Sundbyoster"]
[Date "2016.02.09"]
[Round "3"]
[White "Nielsen, Jorgen Kamp"]
[Black "Larsen, Ulrik Jejlskov"]
[Result "1-0"]
[WhiteElo "1696"]
[BlackElo "1434"]
[PlyCount "61"]
[EventDate "2016.??.??"]

1. e4 d5 2. exd5 Qxd5 3. Nc3 Qd8 4. Bc4 Nf6 5. Nf3 Bf5 6. O-O e6 7. Re1 c6 8.
Bb3 Bd6 9. d4 O-O 10. Nh4 Bg6 11. Nxg6 hxg6 12. g3 Kh7 13. Ne4 Nxe4 14. Rxe4
Rh8 15. Qe2 Nd7 16. Rxe6 fxe6 17. Qxe6 Nf6 18. Qh3+ Nh5 19. g4 Qd7 20. f4 Bxf4
21. Bxf4 Qxd4+ 22. Be3 Qd7 23. c3 a5 24. Rd1 Qc8 25. Rd6 Rd8 26. Rxg6 Rd1+ 27.
Bxd1 Kxg6 28. Qxh5+ Kf6 29. Bd4+ Ke7 30. Bb3 Kf8 31. Qf7# 1-0

[Event "Amager Aabne Klubmesterskab 2016"]
[Site "Sundbyoster"]
[Date "2016.02.09"]
[Round "3"]
[White "Jensen, Simon Stibolt"]
[Black "Jensen, Jonbert"]
[Result "0-1"]
[WhiteElo "1662"]
[BlackElo "1521"]
[PlyCount "78"]
[EventDate "2016.??.??"]

1. e4 e5 2. Nf3 d6 3. d4 Nf6 4. Nc3 Be7 5. dxe5 dxe5 6. Qxd8+ Bxd8 7. Nxe5 Nbd7
8. Bb5 O-O 9. Nxd7 Nxd7 10. O-O a6 11. Ba4 Nc5 12. Bf4 b5 13. Bb3 b4 14. Bd5
Rb8 15. Ne2 Bb7 16. Bxb7 Rxb7 17. f3 Ne6 18. Bg3 Be7 19. Rad1 Bc5+ 20. Bf2 Rb5
21. Nd4 Ra5 22. Nc6 Bxf2+ 23. Rxf2 Rxa2 24. b3 a5 25. Rfd2 g6 26. c4 Ra3 27.
Rd5 Rxb3 28. Rxa5 Rc3 29. Nxb4 Rxc4 30. Nd5 Rb8 31. Ra7 Rb2 32. Ne3 Rc5 33. Ra3
Nf4 34. h3 Rg5 35. Kf1 Nxg2 36. Ra8+ Kg7 37. Ng4 h5 38. h4 Rc5 39. Re1 Nxe1 0-1

[Event "Amager Aabne Klubmesterskab 2016"]
[Site "Sundbyoster"]
[Date "2016.02.09"]
[Round "3"]
[White "Petersen, Christian Skibsted"]
[Black "Andersen, Peter"]
[Result "1-0"]
[WhiteElo "1652"]
[BlackElo "1455"]
[PlyCount "81"]
[EventDate "2016.??.??"]

1. e4 d6 2. d4 g6 3. f4 Nf6 4. Nc3 Bg7 5. Nf3 O-O 6. Be3 c6 7. h3 Nbd7 8. Qd2
Qc7 9. g4 a5 10. a4 e6 11. Bd3 d5 12. e5 Ne8 13. f5 exf5 14. gxf5 gxf5 15. Bxf5
Nb6 16. Bd3 Nc4 17. Bxc4 dxc4 18. O-O-O Kh8 19. Rdg1 Rg8 20. h4 h5 21. Bh6 Bg4
22. Nh2 Qd7 23. Nxg4 hxg4 24. Qg5 Kh7 25. Bxg7 Rxg7 26. Qf4 Rd8 27. Rd1 Qe6 28.
Ne4 Qg6 29. Ng5+ Kg8 30. Qxg4 Nc7 31. Qf3 Qh6 32. Kb1 Nd5 33. c3 Qg6+ 34. Ka2
Qc2 35. Rdf1 Qg6 36. Ne4 Rd7 37. Nf6+ Nxf6 38. exf6 Rh7 39. Rfg1 Qxg1 40. Rxg1+
Kf8 41. Qf5 1-0

[Event "Amager Aabne Klubmesterskab 2016"]
[Site "Sundbyoster"]
[Date "2016.02.09"]
[Round "3"]
[White "Madsen, Michael Leerberg"]
[Black "Skovgaard, Ib"]
[Result "1-0"]
[WhiteElo "1645"]
[BlackElo "2003"]
[PlyCount "71"]
[EventDate "2016.??.??"]

1. e4 Nf6 2. e5 Nd5 3. d4 d6 4. c4 Nb6 5. f4 dxe5 6. fxe5 Nc6 7. Nf3 Bg4 8. Be3
e6 9. Nc3 Bb4 10. a3 Bxc3+ 11. bxc3 O-O 12. Bd3 Bxf3 13. gxf3 Qh4+ 14. Bf2 Qf4
15. Ra2 Rad8 16. Bg3 Qe3+ 17. Re2 Qxf3 18. Rf1 Qh5 19. Rf4 f5 20. exf6 g5 21.
Rff2 Qh3 22. Bxc7 Rd7 23. Bxb6 axb6 24. Qd2 Kh8 25. Re3 Qh4 26. Rxe6 Rdf7 27.
Kd1 Qg4+ 28. Qe2 Qxe2+ 29. Kxe2 Nd8 30. Rxb6 Nc6 31. d5 Ne5 32. h3 Rc8 33. Re6
Nxc4 34. Bxc4 Rxc4 35. Re8+ Rf8 36. Rxf8# 1-0

[Event "Amager Aabne Klubmesterskab 2016"]
[Site "Sundbyoster"]
[Date "2016.02.09"]
[Round "3"]
[White "Kinch, Peder"]
[Black "Nielsen, Jens Holm"]
[Result "0-1"]
[WhiteElo "1343"]
[BlackElo "1792"]
[PlyCount "46"]
[EventDate "2016.??.??"]

1. f4 d5 2. Nf3 g6 3. e3 Bg7 4. c4 c6 5. Nc3 d4 6. exd4 Bxd4 7. Nxd4 Qxd4 8. d3
Nf6 9. Be2 Nbd7 10. Rf1 Nc5 11. Rf3 Qg1+ 12. Bf1 Qxh2 13. Be3 b6 14. Bxc5 bxc5
15. Qd2 Bg4 16. Rf2 Bd1 17. Nxd1 Rd8 18. Rf3 Rd4 19. Rh3 Qxf4 20. Ne3 Ne4 21.
Qc2 Ng3 22. Qd2 Nxf1 23. Nxf1 Qxf1+ 0-1

[Event "Amager Aabne Klubmesterskab 2016"]
[Site "Sundbyoster"]
[Date "2016.02.09"]
[Round "3"]
[White "Sorensen, Ole"]
[Black "Tolba, Henri"]
[Result "0-1"]
[WhiteElo "1613"]
[BlackElo "1713"]
[PlyCount "74"]
[EventDate "2016.??.??"]

1. d4 Nf6 2. c4 g6 3. g3 c5 4. d5 d6 5. Nf3 Bg7 6. Bg2 O-O 7. Nc3 a6 8. O-O Bg4
9. Qb3 Qc8 10. Bf4 Nbd7 11. a4 Rb8 12. e4 Nh5 13. Rae1 Re8 14. h3 Bxf3 15. Bxf3
Ne5 16. Bg2 Nxf4 17. gxf4 Nd3 18. Re3 Nxf4 19. Ne2 Nxg2 20. Kxg2 Qd7 21. Nc3
Bxc3 22. Qxc3 Qxa4 23. e5 dxe5 24. Rxe5 Qd7 25. Rfe1 b6 26. Qg3 Qd6 27. Qe3 Rb7
28. h4 b5 29. h5 bxc4 30. hxg6 hxg6 31. Qh6 Qf6 32. Qe3 Rb3 33. Qxc5 Qf3+ 34.
Kg1 Qg4+ 35. Kf1 Rh3 36. f3 Qxf3+ 37. Qf2 Rh1# 0-1

[Event "Amager Aabne Klubmesterskab 2016"]
[Site "Sundbyoster"]
[Date "2016.02.09"]
[Round "3"]
[White "Gade, Jens"]
[Black "Kibenich, Mikael"]
[Result "1-0"]
[WhiteElo "1313"]
[BlackElo "1371"]
[PlyCount "73"]
[EventDate "2016.??.??"]

1. d4 e6 2. c4 d5 3. Nc3 Nf6 4. Nf3 Be7 5. e3 O-O 6. Be2 c6 7. a3 Nbd7 8. b4
dxc4 9. Bxc4 Nb6 10. Be2 Qc7 11. O-O Re8 12. e4 Rd8 13. Qc2 a5 14. Bb2 axb4 15.
axb4 Rxa1 16. Rxa1 Bxb4 17. Nd1 Be7 18. Ne3 Nbd7 19. Bd3 Nf8 20. Rc1 Bd7 21. d5
Ra8 22. Be5 Bd6 23. Bxd6 Qxd6 24. e5 Qe7 25. exf6 Qxf6 26. d6 b5 27. Be4 Rc8
28. Qc3 Qd8 29. Ne5 c5 30. Ra1 f6 31. Nxd7 Nxd7 32. Qa5 Nb6 33. Qxb5 Qxd6 34.
Rd1 Qc7 35. Nc4 Rb8 36. Nxb6 Rxb6 37. Qe8# 1-0

[Event "Amager Aabne Klubmesterskab 2016"]
[Site "Sundbyoster"]
[Date "2016.02.09"]
[Round "3"]
[White "Brorsen, Kristian"]
[Black "Krog, Jacob"]
[Result "0-1"]
[WhiteElo "1169"]
[BlackElo "1560"]
[PlyCount "60"]
[EventDate "2016.??.??"]

1. d4 Nf6 2. g3 d5 3. Bg2 g6 4. Bg5 Bg7 5. Nc3 c6 6. Nf3 O-O 7. O-O c5 8. Re1
cxd4 9. Nxd4 e5 10. Nb3 d4 11. Nd5 h6 12. Bxf6 Bxf6 13. Nxf6+ Qxf6 14. Nc5 Qb6
15. Nd3 Re8 16. Qd2 e4 17. Nb4 Nc6 18. Nd5 Qd8 19. Nf4 Kh7 20. e3 dxe3 21. Qxe3
f5 22. Rad1 Qa5 23. Nd5 Rf8 24. Qf4 Bd7 25. Re2 Rad8 26. Qd6 Bc8 27. Qc7+ Qxc7
28. Nxc7 Rxd1+ 29. Bf1 f4 30. Rxe4 Bh3 0-1

[Event "Amager Aabne Klubmesterskab 2016"]
[Site "Sundbyoster"]
[Date "2016.02.09"]
[Round "3"]
[White "Nielsen, Bjorn"]
[Black "Rasmussen, Erik Elmer"]
[Result "1-0"]
[WhiteElo "1146"]
[BlackElo "1188"]
[PlyCount "107"]
[EventDate "2016.??.??"]

1. e4 Nf6 2. Nc3 d5 3. exd5 Nxd5 4. Be2 Bf5 5. a3 e6 6. Nf3 Bd6 7. Nxd5 exd5 8.
d4 O-O 9. Bg5 Be7 10. Bxe7 Qxe7 11. Qd2 f6 12. O-O-O c6 13. Rhe1 Qd6 14. Bd3
Bg4 15. Re3 Bxf3 16. gxf3 Qxh2 17. Qe2 Nd7 18. Rf1 Qf4 19. Kb1 Qxd4 20. Re7 Ne5
21. Rg1 Rf7 22. Rxe5 Qxe5 23. Qf1 g6 24. Qc1 Kg7 25. f4 Qc7 26. f5 g5 27. f4
Qxf4 28. Qxf4 h6 29. Qh2 Re7 30. Rh1 Rh8 31. b3 a6 32. a4 Re5 33. Qh5 Kf8 34.
Kc1 Re7 35. Kd1 Rg7 36. Qh2 g4 37. Qd6+ Kf7 38. Qe6+ Kf8 39. Re1 Rf7 40. Qd6+
Kg7 41. Bf1 h5 42. Re7 Rhf8 43. Rxf7+ Rxf7 44. Qg3 Kh6 45. Qh4 Rg7 46. Qxf6+
Kh7 47. Qh4 g3 48. Bg2 Kg8 49. Qxh5 Kf8 50. f6 Rd7 51. Ke2 b5 52. a5 d4 53.
Bxc6 Rd6 54. Qe8# 1-0

[Event "Amager Aabne Klubmesterskab 2016"]
[Site "Sundbyoster"]
[Date "2016.02.09"]
[Round "3"]
[White "Lendal, Christian"]
[Black "Hansen, Benny"]
[Result "1-0"]
[WhiteElo "1000"]
[BlackElo "1360"]
[PlyCount "73"]
[EventDate "2016.??.??"]

1. d4 Nf6 2. c4 d6 3. Nf3 g6 4. Nc3 Bg7 5. e3 O-O 6. Bd3 Nbd7 7. O-O c5 8. d5
e6 9. e4 e5 10. Be3 Ng4 11. Bg5 Bf6 12. Bxf6 Ndxf6 13. Be2 Bd7 14. h3 Nh6 15.
b3 Kg7 16. Qd2 Nh5 17. g3 Bxh3 18. Rfe1 Bg4 19. Nh2 Bxe2 20. Nxe2 Qd7 21. Kg2
f5 22. Ng1 Rf7 23. Nh3 Kh8 24. Qxh6 fxe4 25. Rxe4 Raf8 26. Ng4 Qf5 27. Ng5 Nf4+
28. gxf4 Qxg4+ 29. Kh2 Qf5 30. Nxf7+ Rxf7 31. Rae1 Rg7 32. Qh3 h6 33. Qxf5 gxf5
34. R4e3 e4 35. Rg3 Kh7 36. Rxg7+ Kxg7 37. Rg1+ 1-0

[Event "Amager Aabne Klubmesterskab 2016"]
[Site "Sundbyoster"]
[Date "2016.02.16"]
[Round "4"]
[White "Petersen, Nils"]
[Black "Raad, Mads Bonde"]
[Result "1-0"]
[WhiteElo "1942"]
[BlackElo "1694"]
[PlyCount "45"]
[EventDate "2016.??.??"]

1. c4 Nf6 2. g3 g6 3. Bg2 Bg7 4. Nc3 O-O 5. e4 d6 6. Nge2 e5 7. O-O Nc6 8. d3
Bd7 9. Nd5 Rb8 10. Bg5 h6 11. Nxf6+ Bxf6 12. Bxh6 Re8 13. Be3 Qc8 14. Qd2 Bh3
15. f4 Nd4 16. Bxd4 exd4 17. f5 Bxg2 18. Kxg2 g5 19. g4 b5 20. b3 Kg7 21. Ng3
Be5 22. Qxg5+ Kh7 23. f6 1-0

[Event "Amager Aabne Klubmesterskab 2016"]
[Site "Sundbyoster"]
[Date "2016.02.16"]
[Round "4"]
[White "Haugaard, Thomas"]
[Black "Petersen, Christian Skibsted"]
[Result "1-0"]
[WhiteElo "1579"]
[BlackElo "1652"]
[PlyCount "41"]
[EventDate "2016.??.??"]

1. Nf3 d5 2. g3 Nf6 3. Bg2 c5 4. c4 e6 5. O-O Nc6 6. Qc2 Nb4 7. Qc3 Ne4 8. Qb3
a5 9. d3 a4 10. Qd1 dxc4 11. dxe4 Qxd1 12. Rxd1 Nc2 13. Na3 Nxa1 14. Be3 Nb3
15. axb3 cxb3 16. Nb5 Ra5 17. Nc7+ Ke7 18. Ne5 f6 19. Nc4 Ra6 20. Nxa6 bxa6 21.
Nb6 1-0

[Event "Amager Aabne Klubmesterskab 2016"]
[Site "Sundbyoster"]
[Date "2016.02.16"]
[Round "4"]
[White "Nielsen, Jens Holm"]
[Black "Madsen, Michael Leerberg"]
[Result "1-0"]
[WhiteElo "1792"]
[BlackElo "1645"]
[PlyCount "127"]
[EventDate "2016.??.??"]

1. Nc3 c5 2. Nf3 Nc6 3. d4 cxd4 4. Nxd4 g6 5. Nxc6 bxc6 6. Qd4 Nf6 7. e4 Bg7 8.
Be2 O-O 9. O-O d6 10. h3 Qc7 11. Qe3 Rb8 12. Rd1 Be6 13. g4 Nd7 14. Bf1 Ne5 15.
Qg3 Nc4 16. Rb1 Qa5 17. Bxc4 Bxc4 18. Bd2 Qa6 19. b3 Be5 20. Qh4 Be2 21. Nxe2
Qxe2 22. Rbc1 Qxe4 23. Re1 Qd4 24. Be3 Qb2 25. Qxe7 Rfe8 26. Qxa7 Ra8 27. Qb6
Qc3 28. a4 c5 29. Qc6 Bf4 30. Qd5 Ra7 31. Qd3 Qxd3 32. cxd3 Rae7 33. Kg2 d5 34.
Red1 Bxe3 35. fxe3 Rxe3 36. Rd2 Rc8 37. Ra1 Rb8 38. Rb1 c4 39. dxc4 dxc4 40. b4
Ra3 41. a5 Rxa5 42. Rc2 Ra4 43. Rxc4 Kg7 44. Rb3 Rd8 45. Rf4 g5 46. Rf2 Rd4 47.
b5 Rab4 48. Rfb2 Rd2+ 49. Rxd2 Rxb3 50. Rd5 f6 51. Rf5 Kg6 52. Rd5 h5 53. Rc5
Rb2+ 54. Kf3 h4 55. Ke4 Rb3 56. Kd5 Rxh3 57. b6 Re3 58. b7 Rb3 59. Kc6 h3 60.
Rb5 Rxb5 61. Kxb5 h2 62. b8=Q h1=Q 63. Qg8+ Kh6 64. Qh8+ 1-0

[Event "Amager Aabne Klubmesterskab 2016"]
[Site "Sundbyoster"]
[Date "2016.02.16"]
[Round "4"]
[White "Dupont, Michael Kim"]
[Black "Petersen, Steffen"]
[Result "0-1"]
[WhiteElo "1297"]
[BlackElo "1705"]
[PlyCount "40"]
[EventDate "2016.??.??"]

1. e4 e5 2. Nf3 Nc6 3. Bc4 Be7 4. O-O Nf6 5. Re1 O-O 6. c3 d5 7. exd5 Nxd5 8.
Nxe5 Nxe5 9. Rxe5 Nf6 10. h3 Bd6 11. Re1 Ng4 12. Be2 Nxf2 13. Kxf2 Qh4+ 14. Kg1
Bxh3 15. Bf3 Bf5 16. d3 Bg3 17. Kf1 Rfe8 18. Re3 Bxd3+ 19. Qxd3 Qh1+ 20. Ke2
Qe1# 0-1

[Event "Amager Aabne Klubmesterskab 2016"]
[Site "Sundbyoster"]
[Date "2016.02.16"]
[Round "4"]
[White "Lontoft, Sven"]
[Black "Pedersen, Ole"]
[Result "1-0"]
[WhiteElo "1659"]
[BlackElo "1507"]
[PlyCount "76"]
[EventDate "2016.??.??"]

1. e4 c5 2. Nf3 d6 3. d4 cxd4 4. Nxd4 Nf6 5. Nc3 a6 6. Be2 e5 7. Nf3 Be7 8. O-O
O-O 9. Be3 b5 10. Nd2 Be6 11. a3 Nbd7 12. f4 exf4 13. Bxf4 Nb6 14. Bf3 Rc8 15.
e5 dxe5 16. Bxe5 Qd7 17. Qe1 Nc4 18. Nxc4 Bxc4 19. Be2 Qe6 20. Qg3 Bxe2 21.
Nxe2 Ng4 22. Bc3 Qxe2 23. Rae1 Bc5+ 24. Kh1 Qc4 25. Rf4 Qd5 26. Rxg4 g6 27. Qh4
Rfe8 28. Rf1 Bf8 29. Qf6 Rxc3 30. Qxc3 Bg7 31. Qc7 f5 32. Rh4 h6 33. Qb6 Kh7
34. Rh3 Re2 35. Rg3 g5 36. Rgf3 f4 37. R3f2 Bd4 38. Qc7+ Kg6 1-0

[Event "Amager Aabne Klubmesterskab 2016"]
[Site "Sundbyoster"]
[Date "2016.02.16"]
[Round "4"]
[White "Larsen, Ulrik Jejlskov"]
[Black "Nielsen, Bjorn"]
[Result "1-0"]
[WhiteElo "1434"]
[BlackElo "1146"]
[PlyCount "105"]
[EventDate "2016.??.??"]

1. d4 d5 2. e3 e6 3. Bd3 Nf6 4. Nf3 Bd6 5. Nbd2 O-O 6. Qe2 Nc6 7. e4 Nxe4 8.
Nxe4 dxe4 9. Qxe4 g6 10. c3 Re8 11. O-O Bf8 12. h4 h5 13. Ne5 Nxe5 14. dxe5 Qd5
15. Bg5 Qxe4 16. Bxe4 Rb8 17. Rad1 Kh7 18. Rd3 Bh6 19. Rfd1 Bxg5 20. hxg5 Kg7
21. Rd8 Kf8 22. Kf1 Ke7 23. Rxe8+ Kxe8 24. Ke2 Bd7 25. Bc2 c5 26. Kd3 Rc8 27.
c4 a6 28. a4 Rd8 29. Kc3 Bc6 30. f3 Rxd1 31. Bxd1 b5 32. b4 cxb4+ 33. Kxb4 bxc4
34. Kxc4 a5 35. Kc5 Kd7 36. Kb6 Bd5 37. Kxa5 Kc7 38. Kb4 Kb6 39. a5+ Ka6 40.
Be2+ Kb7 41. Kc5 Kc7 42. Bb5 Kd8 43. a6 h4 44. Bc6 h3 45. gxh3 Bxc6 46. Kxc6
Kc8 47. a7 Kd8 48. a8=Q+ Ke7 49. Qc8 f5 50. exf6+ Kf7 51. Qd7+ Kf8 52. Qe7+ Kg8
53. Qg7# 1-0

[Event "Amager Aabne Klubmesterskab 2016"]
[Site "Sundbyoster"]
[Date "2016.02.16"]
[Round "4"]
[White "Skovgaard, Ib"]
[Black "Lendal, Christian"]
[Result "1-0"]
[WhiteElo "2003"]
[BlackElo "1000"]
[PlyCount "23"]
[EventDate "2016.??.??"]

1. e4 c6 2. d4 d5 3. Nc3 e6 4. Nf3 Bb4 5. a3 Be7 6. Ne5 Nd7 7. Bd3 Bf6 8. Nxd7
Bxd7 9. e5 Bg5 10. Qg4 Bxc1 11. Rxc1 Nh6 12. Qxg7 1-0

[Event "Amager Aabne Klubmesterskab 2016"]
[Site "Sundbyoster"]
[Date "2016.02.16"]
[Round "4"]
[White "Sorensen, Ole"]
[Black "Gade, Jens"]
[Result "1/2-1/2"]
[WhiteElo "1613"]
[BlackElo "1313"]
[PlyCount "76"]
[EventDate "2016.??.??"]

1. d4 d5 2. c4 c6 3. Nc3 Nf6 4. Nf3 Bg4 5. e3 e6 6. cxd5 cxd5 7. Bd3 Be7 8.
Qa4+ Nc6 9. Ne5 Qb6 10. O-O O-O 11. f3 Bh5 12. Nxc6 bxc6 13. Qc2 c5 14. Na4 Qc6
15. Nxc5 Rfc8 16. b4 Bg6 17. Bxg6 hxg6 18. Bd2 Nd7 19. Qd3 Nb6 20. e4 Nc4 21.
Bf4 Bxc5 22. bxc5 e5 23. dxe5 Qxc5+ 24. Kh1 Rd8 25. Qc2 Rac8 26. exd5 Qxd5 27.
Qe2 Qd3 28. Qxd3 Rxd3 29. a4 Rd4 30. g3 Rcd8 31. Kg1 Kf8 32. Kf2 Nb2 33. Ke2
Rxa4 34. Rxa4 Nxa4 35. Ra1 Nc3+ 36. Ke3 Rd7 37. Ra6 Nd5+ 38. Ke4 Nxf4 1/2-1/2